LaTeX pour l'impatient

Premiers pas, structuration des ducuments, dispositions de texte esvoluées. Escrire des mathématiques, dessiner avec LATEX, personnalier LATEX...

Na minha lista:
Detalhes bibliográficos
Autor principal: Chevalier, Céline
Formato: Livro
Idioma:Undetermined
Publicado em: Paris O'Reilly 1999
Assuntos:
Tags: Adicionar Tag
Sem tags, seja o primeiro a adicionar uma tag!
Thư viện lưu trữ: Trung tâm Học liệu Trường Đại học Cần Thơ
LEADER 00662nam a2200193Ia 4500
001 CTU_232682
008 210402s9999 xx 000 0 und d
082 |a 005.36 
082 |b C527 
100 |a Chevalier, Céline 
245 0 |a LaTeX pour l'impatient 
245 0 |c Christian Rolland 
260 |a Paris 
260 |b O'Reilly 
260 |c 1999 
520 |a Premiers pas, structuration des ducuments, dispositions de texte esvoluées. Escrire des mathématiques, dessiner avec LATEX, personnalier LATEX... 
650 |a LaTeX (tệp máy tính),LaTeX (Computer file) 
910 |b dqhieu 
980 |a Trung tâm Học liệu Trường Đại học Cần Thơ